000
00276nam a2200109Ia 4500
008
200302s9999 xx 000 0 und d
100
_a
Botone Bognar
245
_a
Beyond the Bubble the New Japanese Architecture
260
_b
Phaidon Perss Ltd.
260
_c
2008
300
_a
239
999
_c
3353
_d
3353